Tous les territoires dépendants habités du monde - Statistiques

Statistiques générales
  • Ce quiz a été pris 151 fois
  • Le résultat moyen est 20 sur 40
Statistiques - réponses
Pays Continent Territoire dépendant % Correct
Danemark Amérique du Nord Groenland
79%
France Amérique du Nord Saint Martin
73%
France Océanie Nouvelle Calédonie
72%
Danemark Europe Îles Féroé
69%
Royaume-Uni Europe Jersey
69%
Royaume-Uni Europe Gibraltar
67%
France Amérique du Nord Saint-Pierre-et-Miquelon
67%
Pays-Bas Amérique du Nord Curaçao
65%
Royaume-Uni Europe Guernesey
65%
Royaume-Uni Europe île de Man
65%
États-Unis Amérique du Nord Îles Vierges des États-Unis
65%
France Océanie Polynésie française
65%
France Océanie Wallis et Futuna
64%
Pays-Bas Amérique du Nord Aruba
63%
Chine Asie Hong Kong
63%
France Amérique du Nord Saint Barthélémy
60%
États-Unis Océanie Guam
59%
Nouvelle-Zélande Océanie Niué
58%
Royaume-Uni Amérique du Nord Bermudes
56%
États-Unis Amérique du Nord Porto Rico
55%
Chine Asie Macao
54%
Nouvelle-Zélande Océanie les Îles Cook
49%
États-Unis Océanie Samoa américaines
49%
Finlande Europe Åland
48%
Royaume-Uni Amérique du Nord Îles Caïmans
46%
Royaume-Uni Amérique du Nord Montserrat
46%
Royaume-Uni Amérique du Nord Anguilla
44%
Norvège Europe Svalbard
44%
Australie Asie Îles Cocos
36%
Royaume-Uni Amérique du Nord îles Turques-et-Caïques
36%
Royaume-Uni Amérique du Nord Îles Vierges britanniques
35%
Royaume-Uni Océanie Îles Pitcairn
34%
Australie Océanie l'ile de Norfolk
34%
Royaume-Uni Afrique Sainte-Hélène, Ascension et Tristan da Cunha
31%
États-Unis Océanie Îles Mariannes du Nord
28%
Royaume-Uni Amérique du Sud les îles Falkland
25%
Pays-Bas Amérique du Nord Sint Maarten
22%
Royaume-Uni Europe Akrotiri et Dhekelia
8%
Australie Asie Îles de Noël
7%
Nouvelle-Zélande Océanie Tokélaou
5%
Aucun quiz correspondant
Distribution des résultats
% des personnes avec chaque résultat
Percentile par nombre de réponses
Votre historique - résultats
Vous n’avez pas pris ce quiz